000 00323nam a2200133Ia 4500
005 20251222155110.0
008 251222s9999||||xx |||||||||||||| ||spa||
082 _aETI.192
100 _aASPEFEEN/OPS/OMS.
245 0 _aEnfermería formación ética para la vida
250 _a1ra. ed.
264 _bOPS/OMS
942 _cLIB
999 _c37999
_d37999